000 01232cam a2200361 a 4500
001 2502163
003 EG-ScBUE
005 20220811093017.0
008 930422s1991 cou f 000 j eng d
020 _a0894108573
020 _a9780894108570
040 _aDLC
_beng
_erda
_cDLC
_dDLC
_dEG-ScBUE
041 1 _aeng
_hara
043 _aa-is---
082 0 4 _a892.736
_222
_bKAN
100 1 _aKanafani, Ghassan,
_eauthor.
_924159
245 1 0 _aMen in the sun and other Palestinian stories /
_cGhassan Kanafani ; translated from the Arabic by Hilary Kilpatrick.
264 1 _aBoulder, Colorado :
_bLynne Rienner Publishers, Inc.,
_c[1999]
264 4 _cc1999
300 _a117 pages ;
_c20 cm
336 _2rdacontent
_atext
_btxt
337 _2rdamedia
_aunmediated
_bn
338 _2rdacarrier
_avolume
_bnc
546 _aText in English ; translated from the original Arabic.
650 _2BUEsh
651 7 _aPalestine
_xSocial life and customs
_vFiction.
_2BUEsh
_924160
651 7 _aPalestine
_vFiction.
_924131
_2BUEsh
653 _cMay2011
_bHHUUEENN
655 _vReading book
_934232
700 1 _924153
_aKilpatrick, Hilary,
_etranslator.
942 _2ddc
_cBB
999 _c15407
_d15407